000 00741cab a2200217 4500
001 ABS43354
008 090401t1990 xxu||||| |||| 00| 0 eng d
035 _a(Sirsi) u41431
041 _aeng
100 _aWright, J.
245 _aBuilding construction: ensuring a fair deal in Europe
260 _c1990
350 _a0
490 _aEstates Gazette
_v(9034) 25 August 1990, 47-58(2)
520 _aSets out the ACA response to the Mathurin proposals for the harmonisation of contracts and controls in the Europe an building industry , with particular reference to the problem of professional liability .
650 _aSINGLE MARKET
650 _aSTANDARDS
690 _aEUROPE-SINGLE MARKET
942 _n0
948 _c04/03/1997
999 _c26623
_d26623